Analysis and assessment of one-way reinforced concrete slab
Na minha lista:
| Autor principal: | |
|---|---|
| Outros Autores: | |
| Formato: | Manuscrito Livro |
| Idioma: | eslovaco inglês |
| Publicado em: |
2024
|
| Assuntos: | |
| Acesso em linha: | http://is.stuba.sk/zp/portal_zp.pl?podrobnosti=186037 https://opac.crzp.sk/?fn=detailBiblioForm&sid=D4AFBEDDECE97BC63A3E019A1374 |
| Tags: |
Sem tags, seja o primeiro a adicionar uma tag!
|
MARC
| LEADER | 00000ntm a22000003a 4500 | ||
|---|---|---|---|
| 001 | stuzp99425 | ||
| 003 | SK-STU | ||
| 005 | 20240909100156.7 | ||
| 007 | ta | ||
| 008 | 150427s2015----xo-----f-mn---000-0-slo-d | ||
| 040 | |a STU |b slo | ||
| 041 | 0 | |a eng | |
| 100 | 1 | |a Alsabbagh, Mhdfares |u 010110 |4 aut |U SvF Stavebná fakulta |T SvF Katedra betónových konštrukcií a mostov |X 112727 |U V110 |Y 11 |7 112727 | |
| 242 | 0 | 1 | |a Analysis and assessment of one-way reinforced concrete slab |y slo |
| 245 | 1 | 0 | |a Analysis and assessment of one-way reinforced concrete slab |
| 260 | |c 2024 | ||
| 650 | 4 | |a ceiling structure |2 slo | |
| 650 | 4 | |a reinforcement |2 slo | |
| 650 | 4 | |a beam |2 slo | |
| 650 | 4 | |a reinforced cocnrete monolthic slab |2 slo | |
| 650 | 4 | |a monolitická železobetónová doska |2 eng | |
| 650 | 4 | |a stropná konštrukcia |2 eng | |
| 650 | 4 | |a betón,výstuž |2 eng | |
| 650 | 4 | |a nosník |2 eng | |
| 700 | 1 | |a Gregušová, Natália |u 010110 |k Z3 |4 ths |U SvF Stavebná fakulta |T SvF Katedra betónových konštrukcií a mostov |X 87345 |U V110 |Y 11 |7 87345 | |
| 856 | 4 | |u http://is.stuba.sk/zp/portal_zp.pl?podrobnosti=186037 | |
| 856 | 4 | |u https://opac.crzp.sk/?fn=detailBiblioForm&sid=D4AFBEDDECE97BC63A3E019A1374 | |